000 00539nam a2200205Ia 4500
005 20250326144855.0
008 250326s9999 xx 000 0 und d
020 _a81-203-2878-7
037 _aTextbook
040 _aFMSL
_beng
_cFMSL
041 _aeng
_2eng
084 _aX:8 P5
_qFMSL
100 _aRobbins S P
_9308447
245 0 _aManagement
_cRobbins S P; Coulter Mary
250 _a8
260 _aNew Delhi
_bNew Delhi, Prentice-Hall
_c2005
300 _a608p
942 _cTB
_hX:8 P5
999 _c1305407
_d1305407